Vida de la prodigiosa virgen Santa Gertrudis la magna abadesa de Eislebio en el Condado Mansfeldense...

Detalles Bibliográficos
Autor principal: CASTAÑIZA, Juan de (Fray)
Formato: Libro
Publicado: Madrid 1782
Materias:
Colección:Banco de datos
Acervo:Biblioteca del Convento de Santa Mónica de la Ciudad de Puebla. Puebla
Tema general:Hagiografía
Notas:Regular. A7, 23.
LEADER 00674nam a22001930004500
035 |a 51363 
036 |a 1131 
100 1 |a CASTAÑIZA, Juan de (Fray) 
245 1 0 |a Vida de la prodigiosa virgen Santa Gertrudis la magna abadesa de Eislebio en el Condado Mansfeldense... 
260 |a Madrid  |b imp. Blás Román  |c 1782 
500 |a Regular. A7, 23. 
650 1 0 |a Hagiografía 
949 |a CRP 
959 |a Ex convento de Santa Mónica. Puebla, Puebla  |b CCC5 
960 |a Convento de Santa Mónica de la ciudad de Puebla  |b DD88 
961 |a Franciscana  |b OF 
942 |c CRP-SM 
943 |g Biblioteca del Convento de Santa Mónica de la Ciudad de Puebla. Puebla 
999 |c 961701  |d 961701